Gares sur la ligne classique entre Redon et Landerneau - Statistiques

Statistiques générales
  • Ce quiz a été pris 10 fois
  • Le résultat moyen est 14 sur 28
Statistiques - réponses
Embranchement Département Gare % Correct
0 Finistère (29) Landerneau
100%
0 (56) Lorient
88%
0 (29) Quimper
88%
0 Ille-et-Villaine (35) Redon
88%
0 (56) Vannes
88%
0 Morbihan (56) Auray
75%
0 (29) Châteaulin
75%
0 Finistère (29) Quimperlé
75%
0 (29) Rosporden
63%
0 (29) Bannalec
50%
0 Morbihan (56) Gestel
50%
0 (56) Hennebont
50%
0 (29) Pont-de-Buis
50%
0 (56) Questembert
50%
1 Morbihan (56) Quiberon
50%
1 (56) Saint-Pierre-Quiberon
50%
0 (56) Brandérion
38%
0 (56) Landévant
38%
1 (56) L'Isthme
38%
0 Morbihan (56) Malansac
38%
1 (56) Penthièvre
38%
1 (56) Kerhostin
25%
1 (56) Les Sables-Blancs
25%
1 (56) Plouharnel - Carnac
25%
0 (56) Sainte-Anne-d'Auray
25%
0 (56) Landaul-Mendon
13%
1 Morbihan (56) Belz - Ploemel
0%
0 (29) Dirinon-Loperhet
0%
Aucun quiz correspondant
Distribution des résultats
% des personnes avec chaque résultat
Percentile par nombre de réponses
Votre historique - résultats
Vous n’avez pas pris ce quiz